| 000 | 00418nam a22001457a 4500 | ||
|---|---|---|---|
| 008 | 250404b |||||||| |||| 00| 0 eng d | ||
| 020 | _a9780443030928 | ||
| 050 |
_aRC565 _b.R26 |
||
| 100 | _aRaistrick Duncan | ||
| 245 | _aAlcoholism and Drug Addiction | ||
| 260 |
_aNew York _bChurchill Livingstone medical division of longman group limited _c1985 |
||
| 300 | _a198p | ||
| 650 |
_aAlcoholism _vDrug Abuse |
||
| 942 | _cBK | ||
| 999 |
_c2882 _d2882 |
||